000 01109cam a2200289 a 4500
001 15055135
003 OSt
005 20140310182458.0
008 071023s2008 nyua j b 001 0 eng
010 _a 2007043665
020 _a9780791097472
040 _aDLC
_cDLC
_dDLC
050 0 0 _aRM 666 . H35
_b.C63 2008
100 1 _aAllan Cobb.
_d1970-
_98412
245 1 0 _aHeroin :
_cAllan Cobb.
260 _aNew York :
_bChelsea House,
_cc2008.
300 _a120 p. :
_bill. col. ;
_c24 cm.
440 _aJunior drug awareness :
_98413
504 _aIncludes bibliographical references and index.
650 0 _aDrugs, Nonprescription
_vJuvenile literature.
_98414
650 0 _aDrug abuse
_vJuvenile literature.
_98415
856 4 1 _3Table of contents only
_uhttp://www.loc.gov/catdir/toc/ecip083/2007043665.html
906 _a7
_bcbc
_corignew
_d1
_eecip
_f20
_gy-gencatlg
942 _2lcc
_cSSLC
999 _c13770
_d13770